[Event "Durham op"]
[Site "Durham"]
[Date "2000.??.??"]
[Round "2"]
[White "Zdjelar, Dusan"]
[Black "Keeling, Geoff"]
[Result "1-0"]
[WhiteElo "2194"]
[BlackElo "2075"]
[PlyCount "101"]
[EventDate "2000.??.??"]
[EventType "swiss"]
[EventRounds "5"]
[EventCountry "ENG"]
[SourceTitle "EXT 2001"]
[Source "ChessBase"]
[SourceDate "2000.11.22"]
[SourceVersion "1"]
[SourceVersionDate "2000.11.22"]
[SourceQuality "1"]

1. e4 e5 2. Nf3 Nc6 3. Bc4 Bc5 4. Nc3 Nf6 5. d3 h6 6. Be3 Bb6 7. h3 0-0 8. Qd2 d6 9. g4 Nd4 10. Bxd4 exd4 11. Nd5 Nxd5 12. Bxd5 Qf6 13. Nh2 c6 14. Bb3 d5 15. 0-0-0 a5 16. a4 Bc7 17. Kb1 Bf4 18. Qe2 Be6 19. Nf3 dxe4 20. dxe4 Bxb3 21. cxb3 c5 22. Ne1 Rfe8 23. f3 Qe6 24. Qc4 Qxc4 25. bxc4 b6 26. Kc2 Re6 27. Ng2 Rf6 28. Rd3 Re8 29. Re1 g6 30. Re2 Bc7 31. h4 g5 32. Re1 Kg7 33. Rh1 Be5 34. Rh3 Rd8 35. Rd1 d3+ 36. Rxd3 Rxd3 37. Kxd3 Bxb2 38. Ne3 gxh4 39. Nf5+ Kf8 40. Rxh4 Bc1 41. e5 Re6 42. Ke4 Bb2 43. f4 Rg6 44. Rxh6 Rxg4 45. Rxb6 Bxe5 46. Kxe5 Ke8 47. Rc6 Rg1 48. Rxc5 Re1+ 49. Kd4 Rf1 50. Ke4 Re1+ 51. Ne3 1-0

[Event "Harkany Tenkes Cup"]
[Site "Harkany"]
[Date "1998.??.??"]
[Round "?"]
[White "Thuroczy, Balazs"]
[Black "Zdjelar, Dusan"]
[Result "0-1"]
[WhiteElo "2020"]
[BlackElo "2200"]
[PlyCount "74"]
[EventDate "1998.11.??"]
[EventType "swiss"]
[EventRounds "9"]
[EventCountry "HUN"]
[SourceTitle "EXT 2002"]
[Source "ChessBase"]
[SourceDate "2001.11.25"]
[SourceVersion "1"]
[SourceVersionDate "2001.11.25"]
[SourceQuality "1"]

1. d4 c5 2. dxc5 Na6 3. Nf3 Nxc5 4. Nc3 Nf6 5. e3 g6 6. Be2 Bg7 7. Nd4 0-0 8. 0-0 d5 9. f3 a6 10. b4 Ncd7 11. Rb1 Qc7 12. Qd2 Nb6 13. Bd3 Rd8 14. Qe1 Ne8 15. a4 e5 16. Nde2 Be6 17. a5 Nc4 18. f4 Rac8 19. f5 gxf5 20. Bxf5 Bxf5 21. Rxf5 Qd7 22. Rf3 Nxe3 23. Bxe3 d4 24. Rd1 Qc6 25. Qh4 f6 26. Ne4 dxe3 27. Rdf1 Qxc2 28. Rxf6 Nxf6 29. Nxf6+ Bxf6 30. Qxf6 Qg6 31. Qxe5 Re8 32. Qd5+ Qe6 33. Qg5+ Qg6 34. Qd5+ Kh8 35. Nf4 Qe4 36. Qd6 Rc6 37. Qd7 e2 0-1

[Event "HUN-chT2 9899"]
[Site "Hungary"]
[Date "1998.??.??"]
[Round "?"]
[White "Zdjelar, Dusan"]
[Black "Schubert, Gyula"]
[Result "1/2-1/2"]
[WhiteElo "2200"]
[BlackElo "2075"]
[PlyCount "38"]
[EventDate "1998.??.??"]
[EventType "team"]
[EventRounds "12"]
[EventCountry "HUN"]
[SourceTitle "EXT 2000"]
[Source "ChessBase"]
[SourceDate "1999.11.16"]
[SourceVersion "1"]
[SourceVersionDate "1999.11.16"]
[SourceQuality "1"]

1. d4 Nf6 2. Bg5 g6 3. Nc3 Bg7 4. Qd2 d6 5. e4 c6 6. f3 b5 7. Nge2 Nbd7 8. Bh6 0-0 9. h4 Nb6 10. Ng3 e5 11. Bxg7 Kxg7 12. 0-0-0 Be6 13. h5 Ng8 14. Qe3 Qf6 15. a3 Bc4 16. b3 Bxf1 17. Rhxf1 Rad8 18. f4 exd4 19. Rxd4 c5 1/2-1/2

[Event "Harkany Tenkes Cup"]
[Site "Harkany"]
[Date "1998.??.??"]
[Round "?"]
[White "Zdjelar, Dusan"]
[Black "Vadasz, Laszlo"]
[Result "1/2-1/2"]
[WhiteElo "2200"]
[BlackElo "2380"]
[PlyCount "40"]
[EventDate "1998.11.??"]
[EventType "swiss"]
[EventRounds "9"]
[EventCountry "HUN"]
[SourceTitle "EXT 2002"]
[Source "ChessBase"]
[SourceDate "2001.11.25"]
[SourceVersion "1"]
[SourceVersionDate "2001.11.25"]
[SourceQuality "1"]

1. d4 d6 2. Nc3 Nf6 3. Bg5 Nbd7 4. e4 e5 5. Nf3 Be7 6. Bc4 0-0 7. h3 c6 8. dxe5 dxe5 9. 0-0 b5 10. Bd3 Bb7 11. a4 a6 12. axb5 axb5 13. Ne2 Qc7 14. Ng3 g6 15. Bh6 Rxa1 16. Qxa1 Rd8 17. Ng5 Bf8 18. Bxf8 Rxf8 19. b4 h6 20. Nf3 Kg7 1/2-1/2

[Event "Harkany Tenkes Cup"]
[Site "Harkany"]
[Date "1997.??.??"]
[Round "3"]
[White "Dovzik, Juri"]
[Black "Zdjelar, Dusan"]
[Result "0-1"]
[WhiteElo "2410"]
[BlackElo "2195"]
[PlyCount "70"]
[EventDate "1997.11.??"]
[EventType "swiss"]
[EventRounds "9"]
[EventCountry "HUN"]
[SourceTitle "EXT 2001"]
[Source "ChessBase"]
[SourceDate "2000.11.22"]
[SourceVersion "1"]
[SourceVersionDate "2000.11.22"]
[SourceQuality "1"]

1. e4 e6 2. d4 d5 3. e5 c5 4. c3 Nc6 5. Nf3 Bd7 6. dxc5 Bxc5 7. Bd3 Qc7 8. Bf4 Nge7 9. b4 Bb6 10. 0-0 Ng6 11. Bg3 a6 12. a4 Nce7 13. h4 h6 14. h5 Nf8 15. Qc2 Rc8 16. Rc1 a5 17. b5 g6 18. hxg6 fxg6 19. Nbd2 Nf5 20. Bh2 Nh7 21. g4 Bxf2+ 22. Kxf2 Qc5+ 23. Ke2 Qe3+ 24. Kf1 Ng5 25. Bg1 Nxf3 26. Bxe3 Nxe3+ 27. Ke2 Nxc2 28. Bxg6+ Ke7 29. Rxc2 Nxe5 30. Bd3 Nxg4 31. c4 Ne5 32. cxd5 exd5 33. Rxc8 Rxc8 34. Rh1 h5 35. Bb1 Rc3 0-1

[Event "Pecs Suto op"]
[Site "Pecs"]
[Date "1997.??.??"]
[Round "?"]
[White "Zdjelar, Dusan"]
[Black "Kosztolanczi, Gyula"]
[Result "1-0"]
[WhiteElo "2195"]
[BlackElo "2160"]
[PlyCount "155"]
[EventDate "1997.??.??"]
[EventType "swiss"]
[EventRounds "9"]
[EventCountry "HUN"]
[SourceTitle "EXT 2004"]
[Source "ChessBase"]
[SourceDate "2003.11.25"]
[SourceVersion "1"]
[SourceVersionDate "2003.11.25"]
[SourceQuality "1"]

1. d4 Nf6 2. Bg5 Ne4 3. Bf4 c5 4. f3 Qa5+ 5. c3 Nf6 6. e4 cxd4 7. b4 Qb6 8. Bxb8 Rxb8 9. Qxd4 Qxd4 10. cxd4 e5 11. a3 exd4 12. Nd2 g6 13. Nb3 Bg7 14. Rd1 0-0 15. Nxd4 d5 16. exd5 Nxd5 17. Kf2 Nc3 18. Rd3 Rd8 19. Nb5 Nd5 20. Nc7 Be6 21. Nxe6 fxe6 22. g3 Rdc8 23. Bh3 Rc2+ 24. Ne2 Nc3 25. Re1 Nb5 26. Kf1 e5 27. Rc1 Rb2 28. Be6+ Kh8 29. Rd7 Rf8 30. Bd5 Rd2 31. a4 Rxf3+ 32. Bxf3 Rxd7 33. Rc8+ Bf8 34. axb5 Kg7 35. Rb8 Rd1+ 36. Kf2 Bxb4 37. Ke3 b6 38. Rc8 Bc5+ 39. Ke4 Rb1 40. Nc3 Re1+ 41. Ne2 Rb1 42. Rc7+ Kh6 43. h4 Rb3 44. Bg4 Rb4+ 45. Kf3 Rxb5 46. Be6 e4+ 47. Kg4 Bf8 48. Bg8 Bg7 49. Rxa7 Re5 50. Rb7 b5 51. Kh3 Re8 52. Bf7 Rf8 53. Kg2 Be5 54. Bd5 g5 55. Bxe4 gxh4 56. Rxh7+ Kg5 57. Rxh4 Rb8 58. Bc2 b4 59. Bb3 Rd8 60. Rxb4 Rd2 61. Bc4 Bc3 62. Ra4 Rc2 63. Kf3 Kf6 64. Nxc3 Rxc3+ 65. Kg4 Ke5 66. Ba2 Kf6 67. Kf4 Rc2 68. Kg4 Rf2 69. Ra6+ Kg7 70. Kg5 Rf3 71. g4 Rf2 72. Ra7+ Kf8 73. Be6 Rf1 74. Bf5 Rf3 75. Kf6 Ke8 76. g5 Rf1 77. g6 Rg1 78. g7 1-0

[Event "Harkany Tenkes Cup"]
[Site "Harkany"]
[Date "1996.??.??"]
[Round "2"]
[White "Vadasz, Laszlo"]
[Black "Zdjelar, Dusan"]
[Result "1-0"]
[WhiteElo "2380"]
[BlackElo "2185"]
[PlyCount "135"]
[EventDate "1996.11.??"]
[EventType "swiss"]
[EventRounds "9"]
[EventCountry "HUN"]
[SourceTitle "EXT 2004"]
[Source "ChessBase"]
[SourceDate "2003.11.25"]
[SourceVersion "1"]
[SourceVersionDate "2003.11.25"]
[SourceQuality "1"]

1. Nf3 Nf6 2. c4 g6 3. g3 d6 4. Bg2 Bg7 5. 0-0 0-0 6. Nc3 e5 7. d4 Nbd7 8. Qc2 c6 9. Rd1 Qe7 10. e4 Re8 11. dxe5 dxe5 12. h3 Nf8 13. Be3 Nh5 14. Re1 Rd8 15. Rad1 Rxd1 16. Rxd1 f5 17. exf5 gxf5 18. Bg5 Bf6 19. Bxf6 Qxf6 20. Qe2 e4 21. Nd4 Qg6 22. c5 Kh8 23. b4 Ne6 24. Qe3 Nf6 25. Nde2 Bd7 26. Rd6 Re8 27. Nf4 Nxf4 28. Qxf4 Qg7 29. Qd2 Be6 30. a4 Nd5 31. Ne2 Bc8 32. Kh2 e3 33. fxe3 Nxe3 34. Nf4 Nc4 35. Rd8 Nxd2 36. Rxe8+ Qg8 37. Rxg8+ Kxg8 38. Kg1 Kf7 39. Kf2 Nc4 40. Bf1 Nd2 41. Bd3 Kf6 42. Ke3 Ne4 43. Bxe4 fxe4 44. Kxe4 Bf5+ 45. Kd4 Bc2 46. a5 a6 47. Nd3 h5 48. Nf4 Bd1 49. Ng2 Be2 50. Ne3 Bf3 51. Nc4 Bg2 52. h4 Bf1 53. Nd6 Ke6 54. Nxb7 Kf5 55. Ke3 Ke5 56. Nd6 Bg2 57. Nc4+ Kf5 58. Kd4 Bf3 59. Ne5 Bg2 60. Nc4 Bf3 61. Ke3 Bd5 62. Nb6 Be6 63. Na8 Bc4 64. Kd4 Bf1 65. Nc7 Kg4 66. b5 cxb5 67. Nxa6 Bg2 68. Nb4 1-0

[Event "Harkany Tenkes Cup"]
[Site "Harkany"]
[Date "1996.??.??"]
[Round "8"]
[White "Zdjelar, Dusan"]
[Black "Chetverik, Maxim"]
[Result "0-1"]
[WhiteElo "2185"]
[BlackElo "2375"]
[PlyCount "74"]
[EventDate "1996.11.??"]
[EventType "swiss"]
[EventRounds "9"]
[EventCountry "HUN"]
[SourceTitle "EXT 2004"]
[Source "ChessBase"]
[SourceDate "2003.11.25"]
[SourceVersion "1"]
[SourceVersionDate "2003.11.25"]
[SourceQuality "1"]

1. e4 Nf6 2. e5 Nd5 3. c4 Nb6 4. c5 Nd5 5. Bc4 c6 6. Nc3 d6 7. Nxd5 cxd5 8. Bb5+ Nc6 9. cxd6 exd6 10. Nf3 Be7 11. 0-0 0-0 12. d4 Bg4 13. Bxc6 bxc6 14. Qd3 f6 15. exd6 Bxd6 16. Nd2 Re8 17. f3 Bh5 18. Nb3 Qc7 19. h3 Bg6 20. Qd1 a5 21. Bd2 Qb6 22. Bc3 a4 23. Nc1 Qb5 24. Re1 Bg3 25. Rf1 Qc4 26. f4 Re3 27. f5 Bf7 28. Bd2 Re4 29. Bc3 c5 30. dxc5 Qxc5+ 31. Kh1 Bc7 32. Rf3 Qd6 33. g3 Rae8 34. Bd2 d4 35. Nd3 Bd5 36. Nb4 Ba8 37. Kg1 Re3 0-1

[Event "Harkany Tenkes Cup"]
[Site "Harkany"]
[Date "1996.??.??"]
[Round "5"]
[White "Zdjelar, Dusan"]
[Black "Kaposztas, Miklos"]
[Result "1/2-1/2"]
[WhiteElo "2185"]
[BlackElo "2315"]
[PlyCount "39"]
[EventDate "1996.11.??"]
[EventType "swiss"]
[EventRounds "9"]
[EventCountry "HUN"]
[SourceTitle "EXT 2004"]
[Source "ChessBase"]
[SourceDate "2003.11.25"]
[SourceVersion "1"]
[SourceVersionDate "2003.11.25"]
[SourceQuality "1"]

1. e4 g6 2. d4 c5 3. Nf3 Bg7 4. Nc3 Qa5 5. Be3 Nf6 6. Qd2 Nc6 7. h3 cxd4 8. Nxd4 Nxe4 9. Nxc6 Qxc3 10. Qxc3 Nxc3 11. Nxa7 Nd5 12. Nxc8 Nxe3 13. fxe3 Rxc8 14. 0-0-0 Rc5 15. e4 e6 16. a4 Ke7 17. Bb5 d6 18. Kb1 Rhc8 19. Rd2 Bh6 20. Re2 1/2-1/2

[Event "Harkany Tenkes Cup"]
[Site "Harkany"]
[Date "1995.??.??"]
[Round "5"]
[White "Zdjelar, Dusan"]
[Black "Fancsy, Imre"]
[Result "1/2-1/2"]
[WhiteElo "2190"]
[BlackElo "2375"]
[PlyCount "50"]
[EventDate "1995.11.??"]
[EventType "swiss"]
[EventRounds "9"]
[EventCountry "HUN"]
[SourceTitle "EXT 1999"]
[Source "ChessBase"]
[SourceDate "1998.11.16"]
[SourceVersion "1"]
[SourceVersionDate "1998.11.16"]
[SourceQuality "1"]

1. e4 c5 2. Nf3 e6 3. c3 Nf6 4. e5 Nd5 5. c4 Ne7 6. b3 Nbc6 7. Bb2 d5 8. exd6 Nf5 9. Bd3 Nfd4 10. Nxd4 cxd4 11. c5 Qg5 12. 0-0 Qxc5 13. Ba3 Qb6 14. Be4 Nb4 15. d3 Bxd6 16. Nd2 Be7 17. Nc4 Qb5 18. Bb2 Nc6 19. Bxc6+ Qxc6 20. Bxd4 0-0 21. Rc1 Qd5 22. Bb2 Rd8 23. d4 b6 24. Ne3 Qd7 25. Qg4 Bf6 1/2-1/2

[Event "HUN-chT"]
[Site "Hungary"]
[Date "1993.??.??"]
[Round "?"]
[White "Brandics, Jozsef"]
[Black "Zdjelar, Dusan"]
[Result "1/2-1/2"]
[WhiteElo "2385"]
[BlackElo "2300"]
[PlyCount "99"]
[EventDate "1993.??.??"]
[EventType "team"]
[EventRounds "13"]
[EventCountry "HUN"]
[SourceTitle "TD"]
[Source "ChessBase"]
[SourceDate "1994.03.01"]
[SourceVersion "1"]
[SourceVersionDate "1994.03.01"]
[SourceQuality "1"]

1. d4 d5 2. Bg5 Nf6 3. Bxf6 exf6 4. e3 c6 5. c4 Bb4+ 6. Nc3 0-0 7. Qb3 Bxc3+ 8. bxc3 dxc4 9. Bxc4 Qe7 10. Ne2 Nd7 11. Nf4 Nb6 12. Bd3 f5 13. 0-0 Rd8 14. c4 Be6 15. a4 g5 16. Nxe6 fxe6 17. a5 Nc8 18. c5 Kg7 19. Rab1 Rb8 20. Qc3 Qf6 21. a6 Rd7 22. Rb3 Rc7 23. f4 g4 24. axb7 Rcxb7 25. Rxb7+ Rxb7 26. Ba6 Rc7 27. Qa5 Qd8 28. Rb1 Qd7 29. h3 gxh3 30. gxh3 Ne7 31. Kf2 Nd5 32. Qe1 Qf7 33. Qg1+ Qg6 34. Qh2 Kf6 35. h4 Qh5 36. Be2 Qe8 37. h5 h6 38. Qh4+ Kg7 39. Rg1+ Kh7 40. Bd3 Rg7 41. Rxg7+ Kxg7 42. e4 fxe4 43. Bxe4 Qf7 44. Qg4+ Kh8 45. Bxd5 exd5 46. Ke3 Qg8 47. Qf5 Qg1+ 48. Kd2 Qg2+ 49. Ke3 Qg1+ 50. Ke2 1/2-1/2

[Event "HUN-chT"]
[Site "Hungary"]
[Date "1993.??.??"]
[Round "?"]
[White "Glatt, Gabor"]
[Black "Zdjelar, Dusan"]
[Result "1/2-1/2"]
[WhiteElo "2295"]
[BlackElo "2195"]
[PlyCount "30"]
[EventDate "1993.??.??"]
[EventType "team"]
[EventRounds "13"]
[EventCountry "HUN"]
[SourceTitle "TD"]
[Source "ChessBase"]
[SourceDate "1994.03.01"]
[SourceVersion "1"]
[SourceVersionDate "1994.03.01"]
[SourceQuality "1"]

1. e4 e6 2. d4 d5 3. Nd2 Nf6 4. e5 Nfd7 5. Bd3 c5 6. c3 Nc6 7. Ne2 Qb6 8. Nf3 cxd4 9. cxd4 Bb4+ 10. Bd2 Bxd2+ 11. Qxd2 Qb4 12. a3 Qxd2+ 13. Kxd2 Nb6 14. b4 Bd7 15. Rhc1 0-0 1/2-1/2

[Event "HUN-chT"]
[Site "Hungary"]
[Date "1993.??.??"]
[Round "?"]
[White "Zdjelar, Dusan"]
[Black "Bacso, Gabor"]
[Result "1/2-1/2"]
[WhiteElo "2300"]
[BlackElo "2230"]
[PlyCount "140"]
[EventDate "1993.??.??"]
[EventType "team"]
[EventRounds "13"]
[EventCountry "HUN"]
[SourceTitle "TD"]
[Source "ChessBase"]
[SourceDate "1994.03.01"]
[SourceVersion "1"]
[SourceVersionDate "1994.03.01"]
[SourceQuality "1"]

1. d4 d5 2. Nf3 e6 3. c4 c6 4. Qc2 f5 5. Bf4 Nf6 6. a3 Be7 7. Nbd2 0-0 8. e3 Bd7 9. Bd3 Be8 10. Ne5 Nbd7 11. Ndf3 Nxe5 12. Nxe5 Nd7 13. h3 Nxe5 14. Bxe5 Bd6 15. Bxd6 Qxd6 16. c5 Qe7 17. f4 Kh8 18. g4 b6 19. g5 Bh5 20. cxb6 axb6 21. Qxc6 Bf3 22. 0-0 Be4 23. Bxe4 fxe4 24. Rac1 Qf7 25. Qc2 b5 26. Qe2 h6 27. Qg4 h5 28. g6 hxg4 29. gxf7 gxh3 30. Rc7 Rab8 31. Rfc1 g6 32. R1c6 b4 33. a4 Kg7 34. Rxe6 Rxf7 35. Rcc6 b3 36. Rxg6+ Kf8 37. a5 Rg7 38. Rxg7 Kxg7 39. a6 Rb4 40. Rc7+ Kf6 41. Rb7 Ra4 42. Rxb3 Rxa6 43. Kh2 Kf5 44. Kxh3 Rh6+ 45. Kg3 Rg6+ 46. Kf2 Rh6 47. Kg2 Rg6+ 48. Kf2 Rh6 49. Rb8 Rh2+ 50. Kg3 Re2 51. Rb3 Re1 52. Kf2 Rb1 53. Kg3 Rg1+ 54. Kh3 Rh1+ 55. Kg2 Re1 56. Kf2 Rh1 57. Rb7 Rh2+ 58. Kg3 Re2 59. Rb3 Re1 60. Rc3 Rg1+ 61. Kf2 Rb1 62. Rc2 Kg4 63. Re2 Kh4 64. Rc2 Kg4 65. Rd2 Kh4 66. Re2 Kg4 67. Kg2 Rc1 68. Rf2 Kf5 69. Re2 Kg4 70. Rd2 Rb1 1/2-1/2

[Event "Harkany Tenkes Cup"]
[Site "Harkany"]
[Date "1993.??.??"]
[Round "9"]
[White "Zdjelar, Dusan"]
[Black "Fancsy, Imre"]
[Result "0-1"]
[WhiteElo "2185"]
[BlackElo "2400"]
[PlyCount "78"]
[EventDate "1993.11.??"]
[EventType "swiss"]
[EventRounds "9"]
[EventCountry "HUN"]
[SourceTitle "EXT 1997"]
[Source "ChessBase"]
[SourceDate "1996.11.15"]
[SourceVersion "1"]
[SourceVersionDate "1996.11.15"]
[SourceQuality "1"]

1. d4 d5 2. Nf3 Nf6 3. Bg5 Ne4 4. Bf4 c5 5. e3 Qb6 6. Qc1 Nc6 7. c3 cxd4 8. exd4 Bf5 9. Na3 Qa5 10. Nc2 h6 11. b4 Qd8 12. Ne3 Bh7 13. Bb5 e6 14. Bxc6+ bxc6 15. 0-0 Be7 16. Ne5 Qc8 17. f3 Nf6 18. Re1 Nh5 19. Nf1 0-0 20. Bg3 a5 21. a3 Ra6 22. Nd2 Nxg3 23. hxg3 f6 24. Ng4 Bd6 25. Nf1 Re8 26. f4 h5 27. Nf2 Qc7 28. c4 Qb8 29. bxa5 Rxa5 30. c5 Bc7 31. Nh3 Bg6 32. Ra2 Kf7 33. a4 Qb4 34. Qd2 Qc4 35. Re2 Rb8 36. Ne3 Qd3 37. Qxd3 Bxd3 38. Red2 Ba6 39. Nc2 Rb3 0-1